02829cam a2200253 i 45000010009000000050017000090080041000260100017000670200031000840400028001150420008001430500024001511000028001752450116002032500020003192640048003393000044003875040051004315050738004825201274012206500041024946500015025356500025025502288762020250325141807.0221201s2023 nyua b 001 0 eng  a 2022056825 a9781398607644q(paperback) aDLCbengerdacDLCdDLC apcc00aHF5415b.L3264 2023 aLawes, Rachel,eauthor.10aUsing semiotics in marketing b: how to achieve consumer insight for brand growth and profits c/ Rachel Lawes. aSecond edition. 1aLondon ; New York, NY :bKogan Page,c2023. axx, 340 pages :billustrations ;c24 cm aIncludes bibliographical references and index. aSemiotics will change your career in marketing or market research — An explosion of semiotics in business — How to do research using semiotics – A blueprint for marketers — Images, language and other semiotic signs — Society, culture and other big influences on consumers — Creativity and innovation – Semiotic tools for thinking — How to do semiotic field trips — Combining semiotics with ethnography and discourse analysis — Data – insight – strategy — Sharing the findings of semiotic research — Industry debates and the future of semiotics — Inspiration – How to continue teaching yourself to do semiotics — Consumer needs in the 2020s — Brands and businesses — Marketing and communications. aSemiotics is a superpower for marketers. It's a proven, powerful method of uncovering consumer insight, tailoring brand strategies that work and generating profit for brands. Companies such as Unilever and P&G have attested to the success of Lawes semiotics in stimulating innovation and boosting sales. Now newly updated, this second edition is packed with even more revelations about brands, consumers and their emerging needs. Three new chapters reveal the unseen social forces that drive the Be Kind movement, public appetite for sincerity and the emotions of younger generations. Using Semiotics in Marketing is an acclaimed how-to guide that makes semiotics accessible. It ensures all agency-side and client-side marketers can pick up the skills to use and apply semiotics to brands and is the only book on semiotics ever published that sets out a complete blueprint for research projects. This is your one-stop guide to learn how to write briefs and proposals, design projects, conduct analysis, write reports and present research findings. Start using semiotics today. Position and launch new brands, rejuvenate established ones, design products and packaging and inspire timely and provocative ad campaigns. See the future. Innovate.cProvided by publisher. 0aMarketing xHandbooks, manuals, etc. 0aSemiotics. 0aConsumersxResearch.